[Event "e2e4 Brighton Major"]
[Site "Brighton"]
[Date "2010.11.14"]
[Round "5"]
[White "Badham, Duncan"]
[Black "Benson, Peter"]
[Result "1/2-1/2"]
[WhiteElo "1794"]
[BlackElo "1746"]
[PlyCount "61"]
[EventDate "2010.11.12"]
[EventType "swiss"]
[EventRounds "5"]
[EventCountry "ENG"]
[SourceTitle "BritBase"]
[Source "John Saunders"]
[SourceDate "2024.12.03"]
[SourceVersion "1"]
[SourceVersionDate "2024.12.03"]
[SourceQuality "1"]

1. c4 c5 2. d4 cxd4 3. Qxd4 Nc6 4. Qd1 g6 5. Nc3 Bg7 6. Qc2 Nd4 7. Qd2 a6 8. e3 Nc6 9. Bd3 e6 10. a3 Nge7 11. Nf3 O-O 12. O-O d5 13. Qe2 Na5 14. cxd5 Nb3 15. Rb1 Nxc1 16. Rfxc1 Nxd5 17. Ne4 Bd7 18. b4 Bc6 19. Nd4 Rc8 20. Nxc6 Rxc6 21. Rxc6 bxc6 22. Rc1 a5 23. bxa5 Qxa5 24. g3 Qxa3 25. Rc4 Nb4 26. Nc5 Rd8 27. Be4 Nd5 28. Qf3 Qa1+ 29. Kg2 Qf6 30. Qxf6 Bxf6 31. Nb7 1/2-1/2

[Event "e2e4 Brighton Major"]
[Site "Brighton"]
[Date "2010.11.14"]
[Round "5"]
[White "Bryant, Richard BE"]
[Black "Jacob, Sydney J"]
[Result "0-1"]
[WhiteElo "1976"]
[BlackElo "1934"]
[PlyCount "63"]
[EventDate "2010.11.12"]
[EventType "swiss"]
[EventRounds "5"]
[EventCountry "ENG"]
[SourceTitle "BritBase"]
[Source "John Saunders"]
[SourceDate "2024.12.03"]
[SourceVersion "1"]
[SourceVersionDate "2024.12.03"]
[SourceQuality "1"]

1. e4 e6 2. d4 d5 3. Nd2 dxe4 4. Nxe4 Bd7 5. Nf3 Bc6 6. Bd3 Nd7 7. c3 Ngf6 8. Ng3 Bxf3 9. Qxf3 c6 10. O-O Be7 11. Re1 O-O 12. b3 Re8 13. Bb2 Qa5 14. Re2 Ba3 15. Bxa3 Qxa3 16. Rae1 Qd6 17. Bb1 Rad8 18. h4 Nd5 19. Nh5 g6 20. c4 gxh5 21. cxd5 Qxd5 22. Be4 Qxd4 23. Qxh5 Qg7 24. Bb1 Nf6 25. Qc5 Qg4 26. Re5 Rd5 27. Rg5+ Qxg5 28. hxg5 Rxc5 29. gxf6 Rd8 30. g3 Rcd5 31. Bc2 Rd2 32. Rc1 0-1

[Event "e2e4 Brighton Major"]
[Site "Brighton"]
[Date "2010.11.14"]
[Round "5"]
[White "Childs, Peter"]
[Black "Tidmarsh, David A"]
[Result "1-0"]
[WhiteElo "1930"]
[BlackElo "1738"]
[PlyCount "91"]
[EventDate "2010.11.12"]
[EventType "swiss"]
[EventRounds "5"]
[EventCountry "ENG"]
[SourceTitle "BritBase"]
[Source "John Saunders"]
[SourceDate "2024.12.03"]
[SourceVersion "1"]
[SourceVersionDate "2024.12.03"]
[SourceQuality "1"]

1. e4 d5 2. exd5 Qxd5 3. Nc3 Qa5 4. d4 c6 5. Nf3 Bf5 6. Bc4 e6 7. O-O Nf6 8. Bd2 Be7 9. Re1 O-O 10. Nd5 Qd8 11. Nxe7+ Qxe7 12. a3 Re8 13. Bg5 h6 14. Bh4 Rd8 15. Qe2 b5 16. Bb3 Na6 17. Rad1 Nc7 18. Ne5 Qe8 19. Bxf6 gxf6 20. Ng4 Bxg4 21. Qxg4+ Kh7 22. Re3 f5 23. Qh4 Qf8 24. Rh3 Nd5 25. Rdd3 Ne7 26. c3 Rac8 27. Bc2 f6 28. Qh5 c5 29. Rde3 Rd6 30. Qe2 Qf7 31. Rh5 cxd4 32. cxd4 Rc7 33. Reh3 Ng8 34. Qd2 Qf8 35. g4 Rcd7 36. gxf5 e5 37. Qb4 exd4 38. Bb3 Rc7 39. Bxg8+ Qxg8+ 40. Rg3 Qd8 41. Qd2 Qf8 42. Rg6 Kh8 43. Rhxh6+ Rh7 44. Rxh7+ Kxh7 45. Qf4 Qg7 46. Rxg7+ 1-0

[Event "e2e4 Brighton Major"]
[Site "Brighton"]
[Date "2010.11.14"]
[Round "5"]
[White "Engelbrecht, Kevin P"]
[Black "Ropp, Wiatt"]
[Result "1-0"]
[WhiteElo "1777"]
[BlackElo "1930"]
[PlyCount "49"]
[EventDate "2010.11.12"]
[EventType "swiss"]
[EventRounds "5"]
[EventCountry "ENG"]
[SourceTitle "BritBase"]
[Source "John Saunders"]
[SourceDate "2024.12.03"]
[SourceVersion "1"]
[SourceVersionDate "2024.12.03"]
[SourceQuality "1"]

1. e4 g6 2. d4 Bg7 3. Be2 d6 4. Nc3 Nc6 5. Be3 e6 6. Qd2 a6 7. h4 h5 8. Nh3 b5 9. Bg5 Nge7 10. Be3 Na5 11. d5 Nc4 12. Bxc4 bxc4 13. Bd4 Bh6 14. Be3 Bxe3 15. Qxe3 c5 16. O-O e5 17. Ng5 Ng8 18. f4 Nh6 19. fxe5 dxe5 20. Rad1 Bg4 21. Rd2 Rc8 22. Rdf2 Rc7 23. Na4 Qd6 24. Rf6 Nf5 25. R1xf5 1-0

[Event "e2e4 Brighton Major"]
[Site "Brighton"]
[Date "2010.11.14"]
[Round "5"]
[White "Hayward, Alan"]
[Black "Spicer, Jonathan"]
[Result "1-0"]
[WhiteElo "1979"]
[BlackElo "1602"]
[PlyCount "55"]
[EventDate "2010.11.12"]
[EventType "swiss"]
[EventRounds "5"]
[EventCountry "ENG"]
[SourceTitle "BritBase"]
[Source "John Saunders"]
[SourceDate "2024.12.03"]
[SourceVersion "1"]
[SourceVersionDate "2024.12.03"]
[SourceQuality "1"]

1. d4 d5 2. Nc3 Nf6 3. Bg5 Nc6 4. f3 Bf5 5. a3 e6 6. e4 dxe4 7. fxe4 Bg4 8. Bxf6 Bxd1 9. Bxd8 Bxc2 10. Bxc7 Nxd4 11. Rc1 Rc8 12. Be5 Nc6 13. Rxc2 Nxe5 14. Bb5+ Nc6 15. Nf3 a6 16. Ba4 Be7 17. Bxc6+ Rxc6 18. Ke2 O-O 19. Ra1 Rd8 20. Rd2 Rdc8 21. Rd7 R6c7 22. Rxc7 Rxc7 23. Kd3 f6 24. Rd1 g5 25. h3 Kf7 26. Kc2 b5 27. b4 Kg6 28. g4 1-0

[Event "e2e4 Brighton Major"]
[Site "Brighton"]
[Date "2010.11.14"]
[Round "5"]
[White "Healeas, Simon"]
[Black "Gutta, Srikrishna"]
[Result "1-0"]
[WhiteElo "1806"]
[BlackElo "1810"]
[PlyCount "59"]
[EventDate "2010.11.12"]
[EventType "swiss"]
[EventRounds "5"]
[EventCountry "ENG"]
[SourceTitle "BritBase"]
[Source "John Saunders"]
[SourceDate "2024.12.03"]
[SourceVersion "1"]
[SourceVersionDate "2024.12.03"]
[SourceQuality "1"]

1. d4 d5 2. Nf3 c5 3. e3 e6 4. b3 Nf6 5. Bd3 Nc6 6. O-O Bd6 7. Bb2 cxd4 8. exd4 O-O 9. Nbd2 Qc7 10. a3 Ng4 11. h3 Nh2 12. Re1 Nxf3+ 13. Nxf3 f6 14. c4 Qf7 15. Rc1 h6 16. Nh4 e5 17. cxd5 Ne7 18. Qc2 Bd7 19. Qe2 g5 20. Nf3 Nxd5 21. Bc4 Rae8 22. dxe5 fxe5 23. Qd2 Bc6 24. Red1 e4 25. Bxd5 Bxd5 26. Qxd5 exf3 27. Qxf7+ Rxf7 28. Rxd6 Kh7 29. gxf3 Ree7 30. Rc8 1-0

[Event "e2e4 Brighton Major"]
[Site "Brighton"]
[Date "2010.11.14"]
[Round "5"]
[White "Hjort, Helge"]
[Black "Morgan, Jonathan"]
[Result "1-0"]
[WhiteElo "1926"]
[BlackElo "1746"]
[PlyCount "68"]
[EventDate "2010.11.12"]
[EventType "swiss"]
[EventRounds "5"]
[EventCountry "ENG"]
[SourceTitle "BritBase"]
[Source "John Saunders"]
[SourceDate "2024.12.03"]
[SourceVersion "1"]
[SourceVersionDate "2024.12.03"]
[SourceQuality "1"]

1. d4 e5 2. dxe5 Qe7 3. Nc3 Nc6 4. Nf3 Nxe5 5. Nxe5 Qxe5 6. Qd5 Bd6 7. Qxe5+ Bxe5 8. Bd2 Nf6 9. f3 d5 10. e3 c6 11. O-O-O O-O 12. Bd3 Be6 13. Kb1 Nd7 14. f4 Bf6 15. f5 d4 16. exd4 Bd5 17. Nxd5 cxd5 18. c3 Nb6 19. Rhe1 Nc4 20. Bxc4 dxc4 21. Bf4 b5 22. a3 a5 23. h4 b4 24. axb4 axb4 25. Bd6 Rfe8 26. Bxb4 Rxe1 27. Rxe1 Bxh4 28. Re4 Bf6 29. d5 g6 30. fxg6 hxg6 31. Rxc4 Rd8 32. d6 Rd7 33. Rc7 Rd8 34. d7 Be5 1-0

[Event "e2e4 Brighton Major"]
[Site "Brighton"]
[Date "2010.11.14"]
[Round "5"]
[White "Kelly, Paul J"]
[Black "Staples, Daniel J"]
[Result "0-1"]
[WhiteElo "1946"]
[BlackElo "1992"]
[PlyCount "89"]
[EventDate "2010.11.12"]
[EventType "swiss"]
[EventRounds "5"]
[EventCountry "ENG"]
[SourceTitle "BritBase"]
[Source "John Saunders"]
[SourceDate "2024.12.03"]
[SourceVersion "1"]
[SourceVersionDate "2024.12.03"]
[SourceQuality "1"]

1. e4 d6 2. d4 Nf6 3. f3 c6 4. c4 e5 5. d5 Be7 6. Be3 O-O 7. Nc3 a5 8. a4 Na6 9. b3 Nd7 10. Qd2 Ndc5 11. Rb1 f5 12. g3 Qe8 13. Nge2 fxe4 14. fxe4 Bg4 15. Bg2 Bf3 16. O-O Bxg2 17. Rxf8+ Bxf8 18. Kxg2 Qg6 19. Bxc5 Nxc5 20. Qc2 Be7 21. Rf1 Rf8 22. Rxf8+ Kxf8 23. Ng1 Bg5 24. Kf2 Qh6 25. Nf3 Be3+ 26. Kg2 Bd4 27. dxc6 bxc6 28. Nxd4 exd4 29. Qf2+ Qf6 30. Qxf6+ gxf6 31. Ne2 Nxb3 32. Kf3 Nd2+ 33. Kf4 c5 34. Nc1 Nxc4 35. Nb3 Kf7 36. g4 h6 37. h4 d3 38. Kf3 Ke6 39. Kf2 Ke5 40. Kf3 d2 41. Ke2 Kxe4 42. Kd1 Kf3 43. g5 fxg5 44. hxg5 hxg5 45. Na1 0-1

[Event "e2e4 Brighton Major"]
[Site "Brighton"]
[Date "2010.11.14"]
[Round "5"]
[White "Larwood, Peter"]
[Black "Musthapha, Othman"]
[Result "0-1"]
[WhiteElo "1946"]
[BlackElo "1699"]
[PlyCount "70"]
[EventDate "2010.11.12"]
[EventType "swiss"]
[EventRounds "5"]
[EventCountry "ENG"]
[SourceTitle "BritBase"]
[Source "John Saunders"]
[SourceDate "2024.12.03"]
[SourceVersion "1"]
[SourceVersionDate "2024.12.03"]
[SourceQuality "1"]

1. e4 c5 2. Nc3 d6 3. g3 Nf6 4. Bg2 Bg4 5. f3 Bh5 6. d3 e6 7. Nge2 Nc6 8. O-O Bg6 9. Rb1 Be7 10. Nf4 Rc8 11. Be3 a6 12. Nxg6 hxg6 13. Qd2 Qc7 14. Nd1 Ne5 15. Bf2 d5 16. h3 g5 17. exd5 Nxd5 18. Ne3 Nf6 19. Rfe1 Kf8 20. Nf1 Nd5 21. Ne3 Nf6 22. Nf1 Nd5 23. Ne3 Nxe3 24. Qxe3 Bf6 25. f4 gxf4 26. Qxf4 b6 27. d4 cxd4 28. Rbd1 Ng6 29. Qe4 Rh5 30. Qd3 Rc5 31. Be4 Ne5 32. Qa3 Nc4 33. Qxa6 Ne3 34. c3 Nxd1 35. Rxd1 dxc3 0-1

[Event "e2e4 Brighton Major"]
[Site "Brighton"]
[Date "2010.11.14"]
[Round "5"]
[White "Lazarevic, Ljubica"]
[Black "Clayton, Tristan"]
[Result "0-1"]
[WhiteElo "1786"]
[BlackElo "1791"]
[PlyCount "72"]
[EventDate "2010.11.12"]
[EventType "swiss"]
[EventRounds "5"]
[EventCountry "ENG"]
[SourceTitle "BritBase"]
[Source "John Saunders"]
[SourceDate "2024.12.03"]
[SourceVersion "1"]
[SourceVersionDate "2024.12.03"]
[SourceQuality "1"]

1. e4 c6 2. d4 d5 3. e5 Bf5 4. Nf3 e6 5. Bg5 Be7 6. Bxe7 Nxe7 7. Nh4 Qb6 8. Nxf5 Nxf5 9. b3 Qxd4 10. Qxd4 Nxd4 11. Bd3 Nd7 12. f4 Nc5 13. Kd2 Nxd3 14. cxd3 Kd7 15. Nc3 a6 16. Rac1 Nb5 17. Na4 Kc7 18. Nb2 a5 19. g4 h5 20. h3 b6 21. Ke3 c5 22. g5 g6 23. Rhd1 Nd4 24. Na4 Nf5+ 25. Ke2 Kb7 26. Nc3 Nd4+ 27. Ke3 Rhc8 28. Ne2 Nxe2 29. Kxe2 a4 30. Ra1 axb3 31. axb3 Rxa1 32. Rxa1 Ra8 33. Rxa8 Kxa8 34. d4 Ka7 35. Kd3 Ka6 36. Kc3 Kb5 0-1

[Event "e2e4 Brighton Major"]
[Site "Brighton"]
[Date "2010.11.14"]
[Round "5"]
[White "Lee, Bryan"]
[Black "Watson, Darrell A"]
[Result "0-1"]
[WhiteElo "1824"]
[BlackElo "1648"]
[PlyCount "66"]
[EventDate "2010.11.12"]
[EventType "swiss"]
[EventRounds "5"]
[EventCountry "ENG"]
[SourceTitle "BritBase"]
[Source "John Saunders"]
[SourceDate "2024.12.03"]
[SourceVersion "1"]
[SourceVersionDate "2024.12.03"]
[SourceQuality "1"]

1. e4 d6 2. d4 g6 3. Nc3 Bg7 4. f4 Nf6 5. Nf3 O-O 6. Bd3 Na6 7. h3 c5 8. Be3 Qa5 9. Qe2 c4 10. Bxc4 Nxe4 11. Qd3 Bf5 12. g4 Nb4 13. Qd1 Nxc3 14. bxc3 Nxc2+ 15. Ke2 Nxe3 16. Kxe3 Qxc3+ 17. Kf2 Be4 18. Rc1 Qa5 19. Re1 d5 20. Bb3 e6 21. Ng5 Rac8 22. Nxe4 Rxc1 23. Qxc1 Bxd4+ 24. Kg3 dxe4 25. Rxe4 Bb6 26. Re5 Qb4 27. Qc2 Rd8 28. h4 Qd4 29. Re1 Rd7 30. Qc8+ Kg7 31. Rf1 Rc7 32. Qe8 Rc3+ 33. Kg2 Qd2+ 0-1

[Event "e2e4 Brighton Major"]
[Site "Brighton"]
[Date "2010.11.14"]
[Round "5"]
[White "Payne, Matthew J"]
[Black "Pedder, Stephane SG"]
[Result "1-0"]
[WhiteElo "1849"]
[BlackElo "1930"]
[PlyCount "75"]
[EventDate "2010.11.12"]
[EventType "swiss"]
[EventRounds "5"]
[EventCountry "ENG"]
[SourceTitle "BritBase"]
[Source "John Saunders"]
[SourceDate "2024.12.03"]
[SourceVersion "1"]
[SourceVersionDate "2024.12.03"]
[SourceQuality "1"]

1. e4 e6 2. d4 d5 3. Nc3 c5 4. exd5 exd5 5. dxc5 Bxc5 6. Qxd5 Qe7+ 7. Qe4 Be6 8. Bb5+ Nd7 9. Nge2 Ngf6 10. Qxb7 O-O 11. Bf4 Ng4 12. O-O Nxf2 13. Rxf2 Bxf2+ 14. Kxf2 Qc5+ 15. Be3 Qf5+ 16. Qf3 Qxc2 17. Qg3 Nf6 18. Bd4 Qf5+ 19. Kg1 Nh5 20. Qe3 a6 21. Bd3 Qg4 22. h3 Qh4 23. g4 Nf6 24. Nf4 Rfe8 25. Ng2 Nxg4 26. Nxh4 Nxe3 27. Bxe3 Bxh3 28. Kf2 Re6 29. Rg1 Rd8 30. Bc4 Rf6+ 31. Kg3 Bc8 32. Bg5 Rc6 33. Bxf7+ Kxf7 34. Bxd8 Rd6 35. Rd1 Re6 36. Nf3 h6 37. Kf4 g5+ 38. Bxg5 1-0

[Event "e2e4 Brighton Major"]
[Site "Brighton"]
[Date "2010.11.14"]
[Round "5"]
[White "Selby, Paul R"]
[Black "Kreuzer, Christopher RL"]
[Result "1/2-1/2"]
[WhiteElo "1914"]
[BlackElo "1933"]
[PlyCount "107"]
[EventDate "2010.11.12"]
[EventType "swiss"]
[EventRounds "5"]
[EventCountry "ENG"]
[SourceTitle "BritBase"]
[Source "John Saunders"]
[SourceDate "2024.12.03"]
[SourceVersion "1"]
[SourceVersionDate "2024.12.03"]
[SourceQuality "1"]

1. d4 Nf6 2. c4 e6 3. g3 d5 4. Bg2 dxc4 5. Qa4+ Nbd7 6. Qxc4 c6 7. Nf3 Bd6 8. O-O O-O 9. Bg5 Qc7 10. Qc2 h6 11. Bxf6 Nxf6 12. Nc3 Bd7 13. Rac1 Rac8 14. Nd2 e5 15. dxe5 Bxe5 16. Nc4 Be6 17. Nxe5 Qxe5 18. Rfd1 Rfe8 19. e3 Bg4 20. Rd4 Rcd8 21. h3 Bh5 22. Qa4 Rxd4 23. exd4 Qg5 24. Rf1 Qd2 25. Qb3 Re7 26. g4 Bg6 27. Qb4 Re1 28. Qxb7 Bd3 29. Qxc6 Bxf1 30. Bxf1 Qd3 31. Qg2 Qxd4 32. Qg3 Qc4 33. Qg2 Nd7 34. f3 Ne5 35. Kf2 Rxf1+ 36. Qxf1 Qxf1+ 37. Kxf1 Nxf3 38. Kf2 Ne5 39. Nb5 Nd3+ 40. Ke3 Nxb2 41. Nxa7 Kh7 42. Nc6 Kg6 43. Ne5+ Kf6 44. Kf4 Ke6 45. Ke4 Na4 46. a3 g6 47. Nd3 Nc3+ 48. Kf3 f5 49. gxf5+ Kxf5 50. Nc5 g5 51. a4 h5 52. a5 g4+ 53. hxg4+ hxg4+ 54. Kg3 1/2-1/2

[Event "e2e4 Brighton Major"]
[Site "Brighton"]
[Date "2010.11.14"]
[Round "5"]
[White "Strauss, Donna"]
[Black "Young, Melvyn Jack"]
[Result "0-1"]
[WhiteElo "1834"]
[BlackElo "1938"]
[PlyCount "56"]
[EventDate "2010.11.12"]
[EventType "swiss"]
[EventRounds "5"]
[EventCountry "ENG"]
[SourceTitle "BritBase"]
[Source "John Saunders"]
[SourceDate "2024.12.03"]
[SourceVersion "1"]
[SourceVersionDate "2024.12.03"]
[SourceQuality "1"]

1. d4 c5 2. d5 Nf6 3. Nc3 d6 4. e4 g6 5. Nf3 Bg7 6. Be3 O-O 7. h3 Qb6 8. Rb1 a6 9. b4 Qc7 10. bxc5 dxc5 11. Qd2 b5 12. Bf4 Qa5 13. e5 b4 14. exf6 bxc3 15. Qe3 exf6 16. Rxb8 Rxb8 17. Bxb8 Bd7 18. Be2 Rxb8 19. O-O Re8 20. Qf4 Rxe2 21. Qd6 Qb5 22. a4 Qxa4 23. Qb8+ Re8 24. Qd6 Bb5 25. Re1 Rxe1+ 26. Nxe1 Bf8 27. Qxf6 Qd4 28. Qf3 Bc4 0-1

[Event "e2e4 Brighton Major"]
[Site "Brighton"]
[Date "2010.11.14"]
[Round "5"]
[White "Walshaw, David"]
[Black "Fowler, David J"]
[Result "1-0"]
[WhiteElo "1658"]
[BlackElo "1723"]
[PlyCount "86"]
[EventDate "2010.11.12"]
[EventType "swiss"]
[EventRounds "5"]
[EventCountry "ENG"]
[SourceTitle "BritBase"]
[Source "John Saunders"]
[SourceDate "2024.12.03"]
[SourceVersion "1"]
[SourceVersionDate "2024.12.03"]
[SourceQuality "1"]

1. e4 e6 2. d4 d5 3. Nd2 Nf6 4. e5 Nfd7 5. f4 c5 6. c3 Nc6 7. Ndf3 cxd4 8. cxd4 f6 9. g3 Qb6 10. Bh3 Bb4+ 11. Kf1 Nf8 12. Ne2 Bd7 13. Be3 Ng6 14. Kf2 O-O 15. a3 Be7 16. b4 Rac8 17. Qd3 Nb8 18. Nc3 a6 19. Rhc1 f5 20. Rc2 Kh8 21. Nd2 Qd8 22. Rac1 h5 23. Qe2 Kg8 24. Qxh5 Kf7 25. Qf3 Rh8 26. Qg2 Rh7 27. Bxf5 exf5 28. Qxd5+ Kf8 29. Qg2 b5 30. d5 Kg8 31. d6 Bf8 32. Qd5+ Kh8 33. e6 Bc6 34. Qxf5 Rxh2+ 35. Ke1 Rh1+ 36. Nf1 Qxd6 37. Qxg6 Be8 38. Qf5 Be7 39. Nd5 Rxc2 40. Rxc2 Bc6 41. Rd2 Bxd5 42. Qxd5 Qc7 43. Qxh1+ Kg8 1-0